[Event "Wellington Open"]
[Site "Wellington Chess Club"]
[Date "2025.04.18"]
[Round "2.3"]
[White "Croad, Nicolas"]
[Black "Charles, Dion"]
[Result "1-0"]
[WhiteElo "2173"]
[BlackElo "1819"]
[WhiteFideId "4300793"]
[BlackFideId "4305981"]
[EventDate "2025.04.18"]
[SourceDate ""]

1. d4 d5 2. c4 c6 3. Nf3 Nf6 4. e3 a6 5. b3 Bf5 6. Nc3 e6 7. c5 Nbd7 8. Be2 h6
9. O-O Be7 10. Bb2 O-O 11. b4 Ne4 12. Nxe4 Bxe4 13. a4 Bf6 14. Nd2 Bh7 15. f4
a5 16. bxa5 Qxa5 17. Qc1 b6 18. Bc3 Qa7 19. cxb6 Qxb6 20. a5 Qa7 21. Nf3 Rfb8
22. a6 c5 23. dxc5 Bxc3 24. Qxc3 Nxc5 25. Nd4 Qb6 26. Rfc1 Nd7 27. a7 Rxa7 28.
Rxa7 Qxa7 29. Nc6 Qa2 30. Nxb8 Qxe2 31. Nxd7 Be4 32. Qc8+ Kh7 33. Nf8+ Kg8 34.
Nxe6+ Kh7 35. Ng5+ hxg5 36. Qh3+ Kg6 37. Qg3 g4 38. Re1 Qd2 39. Qxg4+ Kh6 40.
Qh4+ Kg6 41. Qf2 Qc3 42. h3 f6 43. Kh2 Qc8 44. Qd2 Qf5 45. Rc1 Qd7 46. Qf2 Kf7
47. Qg3 Bf5 48. Qf2 Be4 49. Qd2 Kg6 50. Qd4 Qb7 51. Rd1 Qc6 52. Rd2 Qc1 53. Rb2
Qe1 54. Qd2 Qf1 55. Qf2 Qa6 56. Rb8 Kf7 57. Qh4 Qc6 58. Qh5+ Bg6 59. Qh8 Bf5
60. Qf8+ Kg6 61. Qe8+ Qxe8 62. Rxe8 Be4 63. Re7 Kh6 64. g4 Kg6 65. Kg3 f5 66.
g5 Kh7 67. Re6 g6 68. Re7+ Kg8 69. Kf2 Kh8 70. Ke1 Kg8 71. Kd2 Kf8 72. Ra7 Kg8
73. Kc3 Kf8 74. Kd4 1-0

[Event "Wellington Open"]
[Site "Wellington Chess Club"]
[Date "2025.04.18"]
[Round "2.4"]
[White "Dive, Russell J"]
[Black "Sethuramalingam, Karthik"]
[Result "1/2-1/2"]
[WhiteElo "2165"]
[BlackElo "1807"]
[WhiteFideId "4300106"]
[BlackFideId "4320964"]
[EventDate "2025.04.18"]
[SourceDate ""]

1. Nf3 d5 2. c4 e6 3. g3 Nf6 4. Bg2 Be7 5. O-O O-O 6. d4 dxc4 7. Nc3 Nc6 8. e4
Bb4 9. Re1 Rb8 10. a4 h6 11. e5 Nd5 12. Bd2 b6 13. Re4 Nde7 14. Qe2 Na5 15. Rd1
Bb7 16. Rf4 Nf5 17. Bc1 Qd7 18. d5 Bxc3 19. dxe6 Qxe6 20. bxc3 Rfd8 21. g4
Rxd1+ 22. Qxd1 Ne7 23. Nd4 Qxe5 24. Bxb7 Nxb7 25. Be3 Nd5 26. Nc6 Nxe3 27. Qf3
Qxc3 28. fxe3 Re8 29. Rxf7 Qxe3+ 30. Qxe3 Rxe3 31. Rxc7 Nc5 32. Ne7+ Kh7 33.
Nd5 Re6 34. a5 Rd6 35. axb6 axb6 36. Nxb6 Rxb6 37. Rxc5 Rb4 38. Kf2 c3 39. Rxc3
Rxg4 40. Rc6 h5 41. Kf3 g6 42. h3 Rg1 43. Kf2 Rg5 44. Rc4 Kh6 45. Kf3 Rf5+ 46.
Kg3 Rf6 47. h4 Rf1 48. Rc7 Rg1+ 49. Kh3 Rg4 50. Ra7 Rg1 51. Rb7 Rg4 52. Ra7 Rg1
53. Rb7 Rg4 1/2-1/2

[Event "Wellington Open"]
[Site "Wellington Chess Club"]
[Date "2025.04.18"]
[Round "2.5"]
[White "Hatti, Stephen"]
[Black "Winter, Ryan"]
[Result "0-1"]
[WhiteElo "1741"]
[BlackElo "2050"]
[WhiteFideId "3246744"]
[BlackFideId "4306295"]
[EventDate "2025.04.18"]
[SourceDate ""]

1. c4 e5 2. g3 Nf6 3. Nc3 d5 4. cxd5 Nxd5 5. Bg2 Nb6 6. Nf3 Nc6 7. O-O Be7 8.
e3 Be6 9. d4 exd4 10. exd4 Nb4 11. Ne5 c6 12. a3 N4d5 13. Re1 O-O 14. Qd3 Qc7
15. f4 Rad8 16. Bd2 Qc8 17. Be4 Nf6 18. f5 Bd5 19. Nxd5 Nbxd5 20. Bf3 Rfe8 21.
g4 h6 22. h4 Nh7 23. g5 hxg5 24. Bh5 Rf8 25. Re2 Nf4 26. Bxf4 gxf4 27. Ng6 fxg6
28. fxg6 Nf6 29. Rxe7 Nxh5 30. Qf3 Rd5 31. Re5 Rxe5 32. dxe5 Qf5 33. Kh2 Qxg6
34. Rg1 Ng3 35. Qb3+ Qf7 36. e6 Qe7 37. Rd1 Qxh4+ 38. Kg2 f3+ 39. Kf2 Nf5+ 0-1

[Event "Wellington Open"]
[Site "Wellington Chess Club"]
[Date "2025.04.18"]
[Round "2.6"]
[White "Malcolm, Aidan"]
[Black "Young, Cohen"]
[Result "0-1"]
[WhiteElo "1732"]
[BlackElo "2041"]
[WhiteFideId "4315073"]
[BlackFideId "4317440"]
[EventDate "2025.04.18"]
[SourceDate ""]

1. d4 Nf6 2. Nc3 d5 3. e4 Nxe4 4. Nxe4 dxe4 5. Be3 Bf5 6. g4 Bg6 7. Ne2 h6 8.
h4 Nc6 9. Qd2 e5 10. O-O-O Qd5 11. Nc3 Qa5 12. Bb5 Bb4 13. Bxc6+ bxc6 14. dxe5
O-O 15. Kb1 Rab8 16. Ka1 Qxe5 17. Bf4 Qa5 18. Rh3 f5 19. Bxh6 fxg4 20. Rg3 Bf7
21. Qg5 Bxc3 22. Qxa5 Bxa5 23. Rxg4 Kh7 24. Bxg7 Bh5 0-1

[Event "Wellington Open"]
[Site "Wellington Chess Club"]
[Date "2025.04.18"]
[Round "2.7"]
[White "Tan, Jin"]
[Black "Chang, Luke"]
[Result "0-1"]
[WhiteElo "1614"]
[BlackElo "2025"]
[WhiteFideId "4320972"]
[BlackFideId "4325605"]
[EventDate "2025.04.18"]
[SourceDate ""]

1. e4 c6 2. d4 d5 3. exd5 cxd5 4. Bf4 Nc6 5. Nf3 Bg4 6. c3 Qb6 7. b3 e6 8. Nbd2
Nf6 9. Bd3 Ba3 10. Qc2 Rc8 11. Be3 Nb4 12. Qb1 Rxc3 13. Ne5 Nxd3+ 14. Nxd3 Bf5
15. Qd1 Bxd3 16. Nb1 Bxb1 17. Rxb1 O-O 18. O-O Ne4 19. Qg4 Rxe3 20. fxe3 Nd2
21. Rbd1 Nxf1 22. Rxf1 Rc8 23. h4 Rc1 24. Rxc1 Bxc1 25. Qg3 h6 26. h5 Qa5 27.
Qb8+ Kh7 28. Kh2 Qe1 29. Qf4 Bxe3 30. Qxf7 Qh4# 0-1

[Event "Wellington Open"]
[Site "Wellington Chess Club"]
[Date "2025.04.18"]
[Round "2.8"]
[White "Archer, Ollie"]
[Black "Ha, Timothy Huy Minh"]
[Result "1-0"]
[WhiteElo "2021"]
[BlackElo "1751"]
[WhiteFideId "4317262"]
[BlackFideId "12417246"]
[EventDate "2025.04.18"]
[SourceDate ""]

1. d4 d5 2. c4 e6 3. Nc3 Nf6 4. cxd5 exd5 5. Bg5 c6 6. e3 h6 7. Bh4 Be7 8. Bd3
O-O 9. Qc2 Ne8 10. Bxe7 Qxe7 11. Nge2 Nd6 12. O-O Be6 13. Rae1 Nd7 14. Nf4 Qf6
15. Nxe6 fxe6 16. f4 c5 17. Nb5 Nxb5 18. Bxb5 Qe7 19. Bxd7 Qxd7 20. dxc5 Rac8
21. Rc1 Rc6 22. Qa4 Qc8 23. Qd4 Rf7 24. Rc3 Rfc7 25. Rfc1 b6 26. cxb6 Rxc3 27.
Rxc3 axb6 28. Qxb6 Rxc3 29. bxc3 Qxc3 30. Qxe6+ Kh8 31. h3 Qe1+ 32. Kh2 d4 33.
Qc8+ 1-0

[Event "Wellington Open"]
[Site "Wellington Chess Club"]
[Date "2025.04.18"]
[Round "2.9"]
[White "Nazeer, Afique M"]
[Black "Zahn, Fabian"]
[Result "1/2-1/2"]
[WhiteElo "1604"]
[BlackElo "1997"]
[WhiteFideId "9970703"]
[BlackFideId "24687111"]
[EventDate "2025.04.18"]
[SourceDate ""]

1. d4 Nf6 2. c4 e6 3. Nf3 b6 4. Bf4 Bb7 5. Nc3 Bb4 6. Bd2 O-O 7. e3 d5 8. a3
Bd6 9. b4 c5 10. Nb5 Be7 11. bxc5 bxc5 12. cxd5 Bxd5 13. dxc5 Bxc5 14. Nc3 Nc6
15. Be2 Qe7 16. Qa4 Nb8 17. Nxd5 Nxd5 18. O-O Nd7 19. e4 N5b6 20. Qb3 Bd6 21.
Bb4 Nc5 22. Bxc5 Bxc5 23. a4 Rab8 24. Qa2 a5 25. Bb5 e5 26. Rab1 Rbd8 27. Rfd1
Rd6 28. Rd2 Bb4 29. Rc2 Rfd8 30. g3 Qf6 31. Kg2 g6 32. Rbc1 g5 33. h4 g4 34.
Nh2 h5 35. Rc6 Qg6 36. Qe2 Qg7 37. Rxd6 Rxd6 38. Rd1 Qf6 {=} 1/2-1/2

[Event "Wellington Open"]
[Site "Wellington Chess Club"]
[Date "2025.04.18"]
[Round "2.10"]
[White "Baker, Ilias Angelo (Leo)"]
[Black "Lieser, Joshua"]
[Result "1-0"]
[WhiteElo "1947"]
[BlackElo "1749"]
[WhiteFideId "4311116"]
[BlackFideId "4326385"]
[EventDate "2025.04.18"]
[SourceDate ""]

1. d4 f5 2. Nc3 Nf6 3. Bg5 g6 4. Bxf6 exf6 5. e3 Bb4 6. Bd3 O-O 7. Qf3 d6 8.
Ne2 Nc6 9. h4 Qe7 10. h5 Bxc3+ 11. bxc3 g5 12. Bxf5 Bxf5 13. Qxf5 h6 14. g4 Qh7
15. Ng3 Ne7 16. Qxh7+ Kxh7 17. Rb1 b6 18. e4 Rae8 19. Kd2 d5 20. Rbe1 Rd8 21.
f3 c5 22. exd5 Nxd5 23. c4 Nf4 24. Re7+ Kh8 25. d5 b5 26. Nf5 bxc4 27. d6 Rfe8
28. Rhe1 Rxe7 29. Rxe7 Nd5 30. Rxa7 c3+ 31. Kd3 Nb6 32. Kxc3 Nd7 33. Nxh6 Ne5
34. Re7 Ra8 35. Nf7+ Nxf7 36. Rxf7 Rxa2 37. d7 Ra8 38. Re7 1-0

[Event "Wellington Open"]
[Site "Wellington Chess Club"]
[Date "2025.04.18"]
[Round "2.11"]
[White "Dhamodharam, Aadhav"]
[Black "Timergazi, Layla"]
[Result "0-1"]
[WhiteElo "1596"]
[BlackElo "1946"]
[WhiteFideId "33474575"]
[BlackFideId "4303733"]
[EventDate "2025.04.18"]
[SourceDate ""]

1. e4 c6 2. d4 d5 3. Nc3 dxe4 4. Nxe4 Nf6 5. Nxf6+ exf6 6. c3 Bd6 7. Bd3 O-O 8.
Ne2 Re8 9. O-O g6 10. Nf4 f5 11. Re1 Rxe1+ 12. Qxe1 Nd7 13. Qe3 Nf6 14. h4 c5
15. h5 Bxf4 16. Qxf4 Nxh5 17. Qe5 cxd4 18. Bc4 Bd7 19. Qxd4 Bc6 20. Qxd8+ Rxd8
21. Bg5 Re8 22. Rd1 Kg7 23. Be3 a6 24. Bd5 Bxd5 25. Rxd5 Re7 26. Bd4+ Kh6 27.
Re5 Rxe5 28. Bxe5 f6 29. Bd4 Kg5 30. a4 f4 31. b4 Ng7 32. Bb6 Kf5 33. b5 axb5
34. axb5 Ne6 35. c4 Ke5 36. c5 Kd5 37. c6 bxc6 38. bxc6 Kxc6 39. Ba5 Kd5 40.
Bc3 Nd4 41. f3 Ne2+ 0-1

[Event "Wellington Open"]
[Site "Wellington Chess Club"]
[Date "2025.04.18"]
[Round "2.12"]
[White "Winsley, Nicholas"]
[Black "Keith, Matthew"]
[Result "1-0"]
[WhiteElo "1946"]
[BlackElo "1725"]
[WhiteFideId "4315146"]
[BlackFideId "4320913"]
[EventDate "2025.04.18"]
[SourceDate ""]

1. e4 c5 2. Nf3 e6 3. d4 cxd4 4. Nxd4 Nc6 5. Be3 Nf6 6. Nc3 Bb4 7. Nxc6 bxc6 8.
e5 Nd5 9. Bd2 Qc7 10. f4 d6 11. exd6 Bxd6 12. g3 O-O 13. Bd3 e5 14. f5 Nxc3 15.
Bxc3 e4 16. Qg4 Be5 17. Qxe4 Bxc3+ 18. bxc3 Qb6 19. f6 g6 20. O-O-O Qa5 21. Kd2
Qg5+ 22. Qf4 Qxf4+ 23. gxf4 Rd8 24. Rde1 Be6 25. a3 Rd6 26. Rhg1 Bf5 27. Re5
Bxd3 28. cxd3 Rxf6 29. f5 Rd8 30. c4 Rfd6 31. Rg3 Rd4 32. Kc3 Kf8 33. Ra5 R4d7
34. h4 Ke7 35. h5 g5 36. f6+ Kxf6 37. Rf3+ Ke6 38. Rxg5 f6 39. Rg1 f5 40. Re1+
Kf6 41. Ref1 Kg7 42. Rxf5 Rxd3+ 43. Kb4 Rb8+ 44. Kc5 Rxa3 45. Rg1+ Kh6 46. Rf6+
Kxh5 47. Rf2 Ra5+ 48. Kd4 Rg5 49. Rh2+ Kg6 50. Rxg5+ Kxg5 51. Rxh7 Kf6 52. Rxa7
Ke6 53. Kc5 Rc8 54. Rh7 Ra8 55. Kxc6 Rc8+ 56. Rc7 Ra8 57. c5 Rb8 58. Rh7 Rc8+
59. Kb6 Kd5 60. Rd7+ Ke6 61. c6 Rb8+ 62. Kc7 Rb1 63. Rd2 Rc1 64. Kb7 Rb1+ 65.
Kc8 Rc1 66. c7 Rb1 67. Kd8 1-0

[Event "Wellington Open"]
[Site "Wellington Chess Club"]
[Date "2025.04.18"]
[Round "2.13"]
[White "Cummings, Nick"]
[Black "Brockway, Andrew"]
[Result "1/2-1/2"]
[WhiteElo "1939"]
[BlackElo "1711"]
[WhiteFideId "4301218"]
[BlackFideId "4301340"]
[EventDate "2025.04.18"]
[SourceDate ""]

1. Nf3 d5 2. c4 e6 3. d4 Nf6 4. g3 Be7 5. Bg2 O-O 6. O-O Nbd7 7. Nbd2 b6 8. Ne5
Bb7 9. cxd5 exd5 10. b3 c5 11. Nxd7 Qxd7 12. Bb2 Rac8 13. dxc5 bxc5 14. Rc1 Qe6
15. Re1 Rfd8 16. Qc2 Ba8 17. e3 Qb6 18. e4 d4 19. Nc4 Qc7 20. Rcd1 Bf8 21. Bc1
Re8 22. f3 g6 23. Bh3 Rcd8 24. Bg5 Be7 25. Bf4 Qb7 26. Bd2 Bf8 27. Ba5 Rb8 28.
Bd2 Nd7 29. Bf4 Rbd8 30. Bg5 Rc8 31. Qd2 Qc7 1/2-1/2

[Event "Wellington Open"]
[Site "Wellington Chess Club"]
[Date "2025.04.18"]
[Round "2.14"]
[White "Qu, Lucas"]
[Black "Wilkins, Mark"]
[Result "1-0"]
[WhiteElo "1593"]
[BlackElo "1911"]
[WhiteFideId "4314620"]
[BlackFideId "4302389"]
[EventDate "2025.04.18"]
[SourceDate ""]

1. e4 c6 2. d4 d5 3. exd5 cxd5 4. Bd3 Nf6 5. h3 Nc6 6. c3 g6 7. Nf3 Bg7 8. Be3
a6 9. Nbd2 b5 10. a3 Bb7 11. Qc2 Rc8 12. Qb1 Qc7 13. O-O O-O 14. Nb3 Nd7 15.
Qc1 e5 16. Be2 e4 17. Bf4 Qd8 18. Nh2 Nxd4 19. Nxd4 Bxd4 20. Rd1 Bg7 21. Qd2
Nc5 22. Qe3 Ne6 23. Bh6 f5 24. Bxg7 Kxg7 25. f3 f4 26. Qa7 Qc7 27. fxe4 dxe4
28. Bg4 Rce8 29. a4 Ra8 30. Qf2 e3 31. Qe2 Ng5 32. Rd7+ Qxd7 33. Bxd7 Rad8 34.
Rd1 f3 35. Qxe3 f2+ 36. Kf1 Ne4 37. Rd4 Nf6 38. Qe7+ Kh8 39. Bxb5 Nh5 40. Qe5+
Kg8 41. Bc4+ Bd5 42. Bxd5+ Rxd5 43. Qxd5+ 1-0

[Event "Wellington Open"]
[Site "Wellington Chess Club"]
[Date "2025.04.18"]
[Round "2.15"]
[White "Somaraju, Sai Vivan Karthikeya"]
[Black "Winsley, Daniel"]
[Result "1-0"]
[WhiteElo "1910"]
[BlackElo "1694"]
[WhiteFideId "110033474"]
[BlackFideId "4315138"]
[EventDate "2025.04.18"]
[SourceDate ""]

1. d4 e6 2. c4 d5 3. Nf3 Nf6 4. Nc3 Be7 5. Bg5 O-O 6. e3 Nbd7 7. Rc1 h6 8. Bh4
b6 9. cxd5 exd5 10. Ne5 Bb7 11. Bd3 Re8 12. f4 c5 13. O-O Nf8 14. Bxf6 Bxf6 15.
Qg4 Ne6 16. Bf5 cxd4 17. Bxe6 Rxe6 18. exd4 Rc8 19. Ne2 Ba6 20. Rxc8 Qxc8 21.
Rc1 Qe8 22. Ng3 Qa4 23. Nf5 Kf8 24. Rc7 Bxe5 25. fxe5 Rg6 26. Qf3 Qxa2 27. h3
Qb1+ 28. Kh2 Qe4 29. Rxf7+ Ke8 30. Nd6+ Rxd6 31. Rf8+ Kd7 32. Rf7+ Ke6 33. exd6
Qxd4 34. d7 Qe5+ 35. Qg3 Qh5 36. d8=Q Qxf7 37. Qdd6+ 1-0

[Event "Wellington Open"]
[Site "Wellington Chess Club"]
[Date "2025.04.18"]
[Round "2.16"]
[White "Annamalai, Karthikeyan"]
[Black "Nicholls, Leighton"]
[Result "0-1"]
[WhiteElo "1279"]
[BlackElo "1882"]
[WhiteFideId "9999985"]
[BlackFideId "4303776"]
[EventDate "2025.04.18"]
[SourceDate ""]

1. e4 e6 2. e5 d5 3. d4 c5 4. Nf3 cxd4 5. Nxd4 Nc6 6. Bb5 Bd7 7. Bxc6 bxc6 8.
O-O Ne7 9. Bg5 Qc7 10. f4 c5 11. Nf3 Nf5 12. Re1 h6 13. Bh4 Rb8 14. b3 Nxh4 15.
Nxh4 Rb4 16. g3 g5 17. c3 Re4 18. Ng2 gxf4 19. Rxe4 dxe4 20. gxf4 Rg8 21. Kf2
Bc6 22. Ne3 f6 23. Qh5+ Kd8 24. c4 fxe5 25. Qxe5 Bg7 26. Qxe6 Rf8 27. Nd5 Qd7
28. Qxd7+ Kxd7 29. Ndc3 Rxf4+ 30. Ke3 Rf3+ 31. Ke2 Bxc3 32. Nxc3 Rxc3 33. Rg1
Rc2+ 34. Ke3 Rxa2 35. Rg7+ Kd8 36. Rg6 Kc7 37. Rxh6 Ra3 38. Rh5 Rxb3+ 39. Kf4
Kb6 40. h4 Rf3+ 41. Ke5 e3 42. Kd6 e2 43. Re5 Rd3+ 44. Ke6 Bf3 45. Kf7 Rd1 46.
Re6+ Ka5 0-1

[Event "Wellington Open"]
[Site "Wellington Chess Club"]
[Date "2025.04.18"]
[Round "2.17"]
[White "Ashton, Matthew"]
[Black "Grant, Elliot"]
[Result "1-0"]
[WhiteElo "1873"]
[BlackElo "1593"]
[WhiteFideId "4313003"]
[BlackFideId "4329120"]
[EventDate "2025.04.18"]
[SourceDate ""]

1. e4 e6 2. d4 d5 3. Nc3 c5 4. exd5 exd5 5. dxc5 d4 6. Nb5 Bxc5 7. Nf3 Nc6 8.
Bf4 Qa5+ 9. Nd2 Bf5 10. Nc7+ Kd7 11. Nxa8 Nf6 12. Be2 Rxa8 13. O-O Qb4 14. Nb3
Bb6 15. c3 Qe7 16. Nxd4 Bxd4 17. cxd4 Qe4 18. Qd2 Rd8 19. Bf3 Qxd4 20. Rfd1 Ke7
21. Qe1+ 1-0

[Event "Wellington Open"]
[Site "Wellington Chess Club"]
[Date "2025.04.18"]
[Round "2.25"]
[White "Ashe, Michael"]
[Black "Tanniru, Krishna Sowrya Chowd"]
[Result "0-1"]
[WhiteElo "1666"]
[BlackElo "1202"]
[WhiteFideId "4310462"]
[BlackFideId "4329821"]
[EventDate "2025.04.18"]
[SourceDate ""]

1. d4 Nf6 2. c4 e6 3. Nc3 Bb4 4. e3 c5 5. Ne2 Nc6 6. a3 cxd4 7. axb4 dxc3 8.
bxc3 O-O 9. Nd4 e5 10. Nf3 Re8 11. c5 b6 12. cxb6 Qxb6 13. Qb3 d5 14. Bb2 h6
15. Be2 Be6 16. Qc2 Rac8 17. Ra6 Nxb4 18. Rxb6 Nxc2+ 19. Kd2 axb6 20. Kxc2 Bf5+
21. Kd2 Ne4+ 22. Ke1 Nxc3 23. Bxc3 Rxc3 24. Bd1 f6 25. Nd2 b5 26. Nb3 Bc2 27.
Na1 Bxd1 28. Kxd1 Ra8 29. Kd2 b4 30. Nc2 Ra2 31. Rc1 e4 32. f3 Rc8 33. Kd1 Rb8
34. Ra1 Rxa1+ 35. Nxa1 b3 0-1

[Event "Wellington Open"]
[Site "Wellington Chess Club"]
[Date "2025.04.18"]
[Round "2.34"]
[White "Swinburne, McKenzie S E (Zion)"]
[Black "Fitton, Stanley"]
[Result "1-0"]
[WhiteElo "1423"]
[BlackElo "1017"]
[WhiteFideId "0"]
[BlackFideId "4329724"]
[EventDate "2025.04.18"]
[SourceDate ""]

1. e4 c6 2. Nf3 d5 3. e5 Bf5 4. d4 e6 5. Bd3 Bg6 6. c4 Nd7 7. O-O Ne7 8. Nh4 c5
9. Be3 Qc7 10. Na3 a6 11. Rc1 Qb6 12. Nxg6 Nxg6 13. cxd5 exd5 14. Bf5 Qxb2 15.
Bxd7+ Kxd7 16. Qg4+ Ke8 17. Nb1 Be7 18. Nc3 Rd8 19. f4 h5 20. Qg3 h4 21. Qg4
Kf8 22. f5 Nxe5 23. dxe5 d4 24. f6 gxf6 25. exf6 Bxf6 26. Rxf6 dxe3 27. Rxf7+
Kxf7 28. Rf1+ Ke7 29. Qg7+ Ke8 30. Qf7# 1-0

[Event "Wellington Open"]
[Site "Wellington Chess Club"]
[Date "2025.04.18"]
[Round "2.36"]
[White "Ravi, Vrajesh"]
[Black "Rose, Jim"]
[Result "1-0"]
[WhiteElo "847"]
[BlackElo "1386"]
[WhiteFideId "4326407"]
[BlackFideId "4326776"]
[EventDate "2025.04.18"]
[SourceDate ""]

1. e4 d6 2. d4 Nf6 3. Nc3 g6 4. Nf3 Bg7 5. Bc4 O-O 6. O-O c6 7. e5 dxe5 8. dxe5
Ng4 9. Qxd8 Rxd8 10. Bf4 Nd7 11. Rfe1 Nb6 12. Bb3 Bf5 13. h3 Nh6 14. a4 Nd5 15.
Nxd5 cxd5 16. Rad1 Be6 17. Rd2 Rac8 18. Red1 Bf8 19. Bxd5 Bxd5 20. Rxd5 Rxd5
21. Rxd5 Rxc2 22. Rd8 Kg7 23. Bxh6+ Kxh6 24. Rxf8 Kg7 25. Ra8 Rxb2 26. Rxa7 1-0

[Event "Wellington Open"]
[Site "Wellington Chess Club"]
[Date "2025.04.19"]
[Round "3.1"]
[White "Hague, Ben"]
[Black "Winsley, Nicholas"]
[Result "1-0"]
[WhiteElo "2333"]
[BlackElo "1946"]
[WhiteFideId "405647"]
[BlackFideId "4315146"]
[EventDate "2025.04.18"]
[SourceDate ""]

1. e4 c5 2. Nf3 Nc6 3. b4 cxb4 4. d4 d5 5. exd5 Qxd5 6. c4 bxc3 7. Nxc3 Qa5 8.
Bd2 Bg4 9. d5 Ne5 10. Nxe5 Bxd1 11. Bb5+ Kd8 12. Nxf7+ Kc8 13. Rxd1 a6 14. Be2
e6 15. O-O Bb4 16. Nxh8 Kd7 17. dxe6+ Kxe6 18. Bc4+ Kf5 19. Bd3+ Kg4 20. h3+
Kh4 21. Kh2 g5 22. Be2 1-0

[Event "Wellington Open"]
[Site "Wellington Chess Club"]
[Date "2025.04.19"]
[Round "3.2"]
[White "Timergazi, Layla"]
[Black "Croad, Nicolas"]
[Result "0-1"]
[WhiteElo "1946"]
[BlackElo "2173"]
[WhiteFideId "4303733"]
[BlackFideId "4300793"]
[EventDate "2025.04.18"]
[SourceDate ""]

1. d4 Nf6 2. c4 g6 3. Nc3 d5 4. cxd5 Nxd5 5. e4 Nxc3 6. bxc3 Bg7 7. Bg5 c5 8.
Rc1 O-O 9. d5 Qa5 10. Qd2 f6 11. Bh4 e6 12. f4 exd5 13. Qxd5+ Kh8 14. Nf3 Nc6
15. Bf2 Re8 16. Bd3 Rd8 17. Qc4 Qc7 18. Bxc5 b5 19. Qxb5 Rb8 20. Qa4 Rxd3 21.
Bd4 Bd7 22. Qc4 Qxf4 23. O-O Rxf3 24. gxf3 Rb2 25. Bf2 Ne5 26. Qd5 Nxf3+ 27.
Kg2 Nh4+ 28. Kg1 Qg4+ 29. Bg3 Rg2+ 30. Kh1 Rxh2+ 0-1

[Event "Wellington Open"]
[Site "Wellington Chess Club"]
[Date "2025.04.19"]
[Round "3.3"]
[White "Winter, Ryan"]
[Black "Somaraju, Sai Vivan Karthikeya"]
[Result "1/2-1/2"]
[WhiteElo "2050"]
[BlackElo "1910"]
[WhiteFideId "4306295"]
[BlackFideId "110033474"]
[EventDate "2025.04.18"]
[SourceDate ""]

1. e4 c6 2. d4 d5 3. e5 Bf5 4. h4 h5 5. c4 e6 6. Nc3 Nd7 7. cxd5 cxd5 8. Nge2
Ne7 9. Ng3 Bg6 10. Bg5 Qb6 11. Qd2 Nc6 12. Be3 Be7 13. Be2 Rc8 14. Kf1 a6 15.
f4 Bb4 16. Rc1 Na5 17. Na4 Nc4 18. Rxc4 dxc4 19. Nxb6 Bxd2 20. Nxc8 Bxe3 21. f5
exf5 22. Nd6+ Kf8 23. Ngxf5 Bxf5 24. Nxf5 Bc1 25. Bxc4 Bxb2 26. Ke2 b5 27. Bb3
g6 28. Nd6 Ke7 29. Nxf7 Rf8 30. Kd3 Rxf7 31. Bxf7 Kxf7 32. Ke4 b4 33. Rb1 Bc3
34. Kd5 Ke7 35. Kc4 a5 36. Rf1 Nb6+ 37. Kc5 Nd7+ 38. Kc4 Nb6+ 39. Kc5 Nd7+
1/2-1/2

[Event "Wellington Open"]
[Site "Wellington Chess Club"]
[Date "2025.04.19"]
[Round "3.5"]
[White "Chang, Luke"]
[Black "Qu, Lucas"]
[Result "1-0"]
[WhiteElo "2025"]
[BlackElo "1593"]
[WhiteFideId "4325605"]
[BlackFideId "4314620"]
[EventDate "2025.04.18"]
[SourceDate ""]

1. c4 c5 2. Nc3 Nc6 3. g3 Nf6 4. Bg2 e6 5. e4 d6 6. Nge2 Be7 7. O-O e5 8. h3
Be6 9. d3 Qd7 10. Kh2 g6 11. a3 h5 12. f4 h4 13. g4 exf4 14. Nxf4 Nh7 15. Ncd5
O-O-O 16. b4 g5 17. Ne2 Bxd5 18. cxd5 Ne5 19. Bb2 Bf6 20. Qc2 Qc7 21. Rac1 b6
22. d4 Nd7 23. Kh1 Kb8 24. e5 dxe5 25. dxc5 Rc8 26. d6 Qd8 27. Qe4 Nxc5 28.
Qa8# 1-0

[Event "Wellington Open"]
[Site "Wellington Chess Club"]
[Date "2025.04.19"]
[Round "3.6"]
[White "Nicholls, Leighton"]
[Black "Archer, Ollie"]
[Result "0-1"]
[WhiteElo "1882"]
[BlackElo "2021"]
[WhiteFideId "4303776"]
[BlackFideId "4317262"]
[EventDate "2025.04.18"]
[SourceDate ""]

1. d4 d5 2. c4 e6 3. Nf3 c6 4. Nc3 dxc4 5. e4 b5 6. a4 Bb4 7. Bd2 Nf6 8. axb5
Bxc3 9. Bxc3 cxb5 10. e5 Nd5 11. Ba5 Qd7 12. b3 c3 13. b4 a6 14. Bd3 Nc6 15.
Be4 Bb7 16. Qb3 Nxa5 17. Rxa5 Rc8 18. O-O Rc4 19. Bxd5 Qxd5 20. Rc1 O-O 21.
Rxc3 Rfc8 22. Rxc4 Qxc4 23. Qxc4 Rxc4 24. Kf1 Rxb4 25. Ke2 Bxf3+ 26. gxf3 Ra4
27. Rxa4 bxa4 28. Kd3 Kf8 29. Kc3 Ke7 30. Kb4 Kd7 31. Kxa4 Kc6 32. Ka5 Kd5 33.
Kxa6 Kxd4 34. Kb5 Kxe5 35. Kc4 Kf4 36. Kd4 0-1

[Event "Wellington Open"]
[Site "Wellington Chess Club"]
[Date "2025.04.19"]
[Round "3.7"]
[White "Wilson, Dion A"]
[Black "Baker, Ilias Angelo (Leo)"]
[Result "1-0"]
[WhiteElo "1867"]
[BlackElo "1947"]
[WhiteFideId "4321413"]
[BlackFideId "4311116"]
[EventDate "2025.04.18"]
[SourceDate ""]

1. e4 e6 2. d4 d5 3. Nc3 Bb4 4. exd5 exd5 5. a3 Bxc3+ 6. bxc3 Ne7 7. Nf3 O-O 8.
Bd3 Bf5 9. O-O Nbc6 10. Re1 f6 11. a4 Qd7 12. Ba3 Rfe8 13. Nd2 Bxd3 14. cxd3
Qf5 15. Nf1 h5 16. Ng3 Qg4 17. Nxh5 Qxd1 18. Raxd1 Ng6 19. Ng3 Nf4 20. Rxe8+
Rxe8 21. Kf1 Nd8 22. Nf5 g6 23. Ne7+ Kf7 24. g3 Ne2 25. Nxd5 c6 26. Nc7 Nxc3
27. Rc1 Nd5 28. Nxe8 Kxe8 29. Bc5 b6 30. Ba3 Kd7 31. h4 Ne6 32. Bb2 a5 33. Ke2
b5 34. Ra1 b4 35. f4 f5 36. Rh1 Ng7 37. Kf3 Nh5 38. Bc1 Nb6 39. g4 fxg4+ 40.
Kxg4 Nxa4 41. f5 Nf6+ 42. Kg5 Ng8 43. fxg6 Nb6 44. h5 1-0

[Event "Wellington Open"]
[Site "Wellington Chess Club"]
[Date "2025.04.19"]
[Round "3.8"]
[White "Ker, Anthony F"]
[Black "Nazeer, Afique M"]
[Result "1-0"]
[WhiteElo "2212"]
[BlackElo "1604"]
[WhiteFideId "4300084"]
[BlackFideId "9970703"]
[EventDate "2025.04.18"]
[SourceDate ""]

1. e4 e5 2. d4 exd4 3. Nf3 Nc6 4. Bc4 Nf6 5. e5 d5 6. Bb5 Ne4 7. Nxd4 Bc5 8.
Be3 Bd7 9. Bxc6 bxc6 10. Nd2 Bxd4 11. Bxd4 Nxd2 12. Qxd2 Be6 13. Bc5 a5 14. O-O
h5 15. a4 g5 16. Ra3 Kd7 17. Rc3 Qg8 18. Be3 g4 19. Qe2 Qg6 20. Rxc6 Qe4 21.
Qb5 Qb4 22. Rc5+ Qxb5 23. Rxb5 Rhb8 24. Rxb8 Rxb8 25. b3 Bf5 26. Rc1 Ke6 27.
Bd2 Rb7 28. f4 gxf3 29. gxf3 Kxe5 30. Bxa5 c5 31. Kf2 d4 32. Bd8 Rd7 33. Bb6 d3
34. cxd3 Rxd3 35. Rxc5+ Kf6 36. b4 h4 37. a5 Rd2+ 38. Ke3 Rxh2 39. a6 h3 40. a7
Ra2 41. Ba5 h2 42. Rc1 Rc2 43. a8=Q Rxc1 44. Qh8+ Ke6 45. Qxh2 Rc3+ 46. Kd4
Rd3+ 47. Kc4 Rd7 48. Bc7 Bd3+ 49. Kc3 f6 50. Bb6 Rh7 51. Qa2+ 1-0

[Event "Wellington Open"]
[Site "Wellington Chess Club"]
[Date "2025.04.19"]
[Round "3.9"]
[White "Brockway, Andrew"]
[Black "Dive, Russell J"]
[Result "0-1"]
[WhiteElo "1711"]
[BlackElo "2165"]
[WhiteFideId "4301340"]
[BlackFideId "4300106"]
[EventDate "2025.04.18"]
[SourceDate ""]

1. e4 c6 2. d4 d5 3. exd5 cxd5 4. Bd3 Nc6 5. c3 g6 6. Bf4 Bg7 7. Nf3 Bg4 8. h3
Bxf3 9. Qxf3 Nf6 10. O-O O-O 11. Nd2 a6 12. Qe2 e6 13. Nf3 Nd7 14. Ne5 Ncxe5
15. Bxe5 Bxe5 16. dxe5 Qc7 17. Rae1 b5 18. h4 Rfb8 19. h5 b4 20. cxb4 Rxb4 21.
hxg6 hxg6 22. b3 a5 23. g3 a4 24. Bb5 axb3 25. axb3 Nxe5 26. Ba4 Re4 27. Qd1
Qc3 28. Rxe4 dxe4 29. Qa1 Qa5 30. Kg2 Qd5 31. Rd1 Nd3 32. Qb1 e3+ 33. Kf1 Qf3
34. Qc2 e2+ 0-1